Statistics for FIFA Top 50 Men's National Teams (Feb 2023)

Click here to take the quiz!

General Stats

  • This quiz has been taken 68 times
  • The average score is 41 of 50

Answer Stats

HintAnswer% Correct
13United States
100%
2Argentina
98%
1Brazil
98%
5England
98%
3France
98%
10Spain
97%
23Sweden
97%
4Belgium
95%
14Germany
95%
20Japan
95%
15Mexico
95%
8Italy
93%
16Uruguay
93%
17Colombia
91%
43Norway
91%
9Portugal
91%
7Croatia
90%
6Netherlands
90%
22Poland
90%
37Russia
88%
27Australia
86%
48Ireland
86%
26Ukraine
86%
31Chile
84%
39Egypt
84%
29Serbia
84%
25South Korea
84%
11Morocco
83%
21Peru
83%
12Switzerland
83%
34Austria
81%
19Senegal
81%
28Wales
81%
18Denmark
79%
40Algeria
78%
41Ecuador
78%
24Iran
78%
46Paraguay
74%
49Saudi Arabia
74%
33Cameroon
72%
42Scotland
71%
38Czech Republic
69%
35Nigeria
69%
44Turkey
66%
36Hungary
62%
32Costa Rica
60%
47Cote d'Ivoire
59%
30Tunisia
59%
45Mali
33%
50Burkina Faso
12%

Score Distribution

Percentile by Number Answered

Percent of People with Each Score

Your Score History

You have not taken this quiz